<?xml version="1.0" encoding="UTF-8"?>
<record
    xmlns:xsi="http://www.w3.org/2001/XMLSchema-instance"
    xsi:schemaLocation="http://www.loc.gov/MARC21/slim http://www.loc.gov/standards/marcxml/schema/MARC21slim.xsd"
    xmlns="http://www.loc.gov/MARC21/slim">

  <leader>00441nam a22001457a 4500</leader>
  <controlfield tag="005">20180108135229.0</controlfield>
  <controlfield tag="008">180108b        xxu||||| |||| 00| 0 eng d</controlfield>
  <datafield tag="040" ind1=" " ind2=" ">
    <subfield code="c">PK-LaUMT</subfield>
  </datafield>
  <datafield tag="082" ind1=" " ind2=" ">
    <subfield code="a">PKAC 297</subfield>
    <subfield code="b">QUT-A</subfield>
  </datafield>
  <datafield tag="100" ind1=" " ind2=" ">
    <subfield code="a">Qutab , Sayid</subfield>
  </datafield>
  <datafield tag="245" ind1=" " ind2=" ">
    <subfield code="a">Aenda dar qalmro Islam(&#x622;&#x6CC;&#x646;&#x62F;&#x6C1; &#x62F;&#x631; &#x642;&#x644;&#x645;&#x631;&#x6C1; &#x627;&#x633;&#x644;&#x627;&#x645;)</subfield>
    <subfield code="c"> Sayid Qutab</subfield>
  </datafield>
  <datafield tag="260" ind1=" " ind2=" ">
    <subfield code="a">&#x628;&#x6CC;&#x631;&#x648;&#x62A;:</subfield>
    <subfield code="b">&#x627;&#x644;&#x627;&#x62A;&#x62D;&#x627;&#x62F; &#x627;&#x644;&#x627;&#x633;&#x644;&#x627;&#x645;&#x6CC; &#x627;&#x644;&#x639;&#x627;&#x644;&#x645;&#x6CC;&#x60C;</subfield>
    <subfield code="c">1980</subfield>
  </datafield>
  <datafield tag="300" ind1=" " ind2=" ">
    <subfield code="a">] [</subfield>
  </datafield>
  <datafield tag="942" ind1=" " ind2=" ">
    <subfield code="c">BK</subfield>
  </datafield>
  <datafield tag="999" ind1=" " ind2=" ">
    <subfield code="c">101460</subfield>
    <subfield code="d">101460</subfield>
  </datafield>
  <datafield tag="952" ind1=" " ind2=" ">
    <subfield code="0">0</subfield>
    <subfield code="1">0</subfield>
    <subfield code="4">0</subfield>
    <subfield code="7">0</subfield>
    <subfield code="a">01</subfield>
    <subfield code="b">01</subfield>
    <subfield code="d">2018-01-08</subfield>
    <subfield code="l">0</subfield>
    <subfield code="o">PKAC 297 QUT-A</subfield>
    <subfield code="p">117311</subfield>
    <subfield code="r">2018-01-08 00:00:00</subfield>
    <subfield code="w">2018-01-08</subfield>
    <subfield code="y">BK</subfield>
  </datafield>
</record>
